| 000 | 00626nam a2200181 i 4500 | ||
|---|---|---|---|
| 001 | 81365 | ||
| 003 | ES-MaACL | ||
| 005 | 20251005063055.0 | ||
| 007 | t| | ||
| 008 | 041104s1904 sp ||||1| spa d | ||
| 100 | 1 |
_aHoyos y de la Torre, Isidoro, _cMarqués de, _d1838-1900 _964440 |
|
| 245 | 1 | 4 |
_aLos judíos españoles en el imperio austriaco y en los Balkanes _b: estudio histórico / _cpor Isidoro de Hoyos y de la Torre. |
| 260 |
_aMadrid : _b[s.n.], _c1904 ( _fFortanet) |
||
| 300 |
_a92 p. ; _c25 cm. |
||
| 650 | 0 | 4 |
_aSefardíes- _xHistoria. _917014 |
| 852 |
_aES-MaACL _jT-1453-F-11 |
||
| 999 |
_c81365 _d81365 |
||